Declaración Universal de los Derechos Humanos / Pról. e il. de Jean-Michel Folon ; pref. de J. Pérez de Cuellar, Franca Sciuto.
محفوظ في:
| مؤلفون آخرون: | , |
|---|---|
| التنسيق: | كتاب |
| اللغة: | الإسبانية |
| منشور في: |
Bruselas, Bélgica :
Amnistía Internacional,
1989, c1989
|
| الموضوعات: | |
| الوسوم: |
لا توجد وسوم, كن أول من يضع وسما على هذه التسجيلة!
|
MARC
| LEADER | 00000nam^a2200000^a^4500 | ||
|---|---|---|---|
| 001 | 000176968 | ||
| 005 | 20250521000000.0 | ||
| 009 | 20260310101657.98 | ||
| 020 | |a 2-87645-041-0 | ||
| 037 | |a Acervo ITESO - Biblioteca | ||
| 041 | |a ESP | ||
| 082 | |a 323. |b DEC | ||
| 245 | 1 | 0 | |a Declaración Universal de los Derechos Humanos / Pról. e il. de Jean-Michel Folon ; pref. de J. Pérez de Cuellar, Franca Sciuto. |
| 264 | 4 | |a Bruselas, Bélgica : |b Amnistía Internacional, |c 1989, c1989 | |
| 300 | |a 123 p. | ||
| 336 | |a texto |b txt |2 rdacontenido | ||
| 337 | |a sin mediación |b n |2 rdamedio | ||
| 338 | |a volumen |b nc |2 rdasoporte | ||
| 546 | |a Edición multilingüe | ||
| 649 | |a XX | ||
| 650 | |a Derechos Humanos | ||
| 650 | |a Tratados Internacionales | ||
| 650 | |a Tratados Internacionales | ||
| 650 | |a Derecho Internacional | ||
| 700 | |a Pérez de Cuéllar, Javier |e (prefacio) | ||
| 700 | |a Sciuto, Franca |e (prefacio) | ||
| 910 | |a Fondo General | ||
| 920 | |a Impresos - Libros | ||
| 930 | |a Colección General | ||
| 905 | |a 101 | ||
| 901 | |a 0500115634 |b IT1 |c ACC |u 20250521 | ||
| 902 | |a https://opac.biblio.iteso.mx/vufind/Record/000176968 | ||